[Event "15th Dubai Open"]
[Site "Dubai"]
[Date "2013.04.09"]
[Round "3.12"]
[White "Deepan, Chakkravarthy J."]
[Black "Burmakin, Vladimir"]
[Result "0-1"]
[LiveChessVersion "1.4.1"]
[BlackElo "2580"]
[WhiteElo "2477"]

1. e4 {[%clk 1:30:57]} c6 {[%clk 1:30:54]} 2. d4 {[%clk 1:31:23]} d5
{[%clk 1:31:18]} 3. e5 {[%clk 1:31:50]} Bf5 {[%clk 1:31:42]} 4. Be3
{[%clk 1:32:14]} Qb6 {[%clk 1:29:50]} 5. Qc1 {[%clk 1:32:29]} e6 {[%clk 1:30:08]}
6. c4 {[%clk 1:32:51]} Bxb1 {[%clk 1:28:59]} 7. Rxb1 {[%clk 1:33:13]} Qa5+
{[%clk 1:29:18]} 8. Bd2 {[%clk 1:30:46]} Bb4 {[%clk 1:29:38]} 9. Bxb4
{[%clk 1:29:03]} Qxb4+ {[%clk 1:30:03]} 10. Qc3 {[%clk 1:29:27]} Qxc3+
{[%clk 1:29:34]} 11. bxc3 {[%clk 1:29:47]} b6 {[%clk 1:29:59]} 12. Nf3
{[%clk 1:24:42]} Ne7 {[%clk 1:29:06]} 13. a4 {[%clk 1:23:05]} O-O
{[%clk 1:27:28]} 14. a5 {[%clk 1:12:33]} Rc8 {[%clk 1:27:36]} 15. Ra1
{[%clk 0:58:33]} Nd7 {[%clk 1:13:27]} 16. Kd2 {[%clk 0:56:26]} c5
{[%clk 0:53:00]} 17. cxd5 {[%clk 0:53:18]} cxd4 {[%clk 0:53:26]} 18. cxd4
{[%clk 0:45:11]} Nxd5 {[%clk 0:53:20]} 19. Bb5 {[%clk 0:32:37]} Nf8
{[%clk 0:53:49]} 20. Rhc1 {[%clk 0:31:52]} Rxc1 {[%clk 0:53:52]} 21. Rxc1
{[%clk 0:32:17]} bxa5 {[%clk 0:53:16]} 22. Bc6 {[%clk 0:24:43]} Rd8
{[%clk 0:51:36]} 23. Ra1 {[%clk 0:20:17]} Nb6 {[%clk 0:51:12]} 24. Kd3
{[%clk 0:19:46]} Rc8 {[%clk 0:51:14]} 25. Bb5 {[%clk 0:18:14]} Ng6
{[%clk 0:48:02]} 26. g3 {[%clk 0:16:41]} Rd8 {[%clk 0:44:13]} 27. Ke4
{[%clk 0:13:42]} Kf8 {[%clk 0:41:22]} 28. Ba4 {[%clk 0:05:30]} Ne7
{[%clk 0:39:04]} 29. Bb3 {[%clk 0:04:03]} Nc6 {[%clk 0:38:20]} 30. Rc1
{[%clk 0:03:52]} Rc8 {[%clk 0:34:44]} 31. Ra1 {[%clk 0:03:57]} Ke7
{[%clk 0:33:30]} 32. h4 {[%clk 0:04:22]} h6 {[%clk 0:33:32]} 33. g4
{[%clk 0:03:16]} Rb8 {[%clk 0:28:33]} 34. h5 {[%clk 0:03:19]} f6 {[%clk 0:27:52]}
35. exf6+ {[%clk 0:02:13]} gxf6 {[%clk 0:27:02]} 36. d5 {[%clk 0:01:34]} Nxd5
{[%clk 0:26:06]} 37. Bxd5 {[%clk 0:01:02]} Rb4+ {[%clk 0:26:25]} 0-1

[Event "15th Dubai Open"]
[Site "Dubai"]
[Date "2013.04.09"]
[Round "3.13"]
[White "Swapnil, S. Dhopade"]
[Black "Lalith, Babu M.R."]
[Result "1/2-1/2"]
[LiveChessVersion "1.4.1"]
[BlackElo "2565"]
[WhiteElo "2475"]

1. d4 {[%clk 1:30:57]} e6 {[%clk 1:30:43]} 2. c4 {[%clk 1:31:01]} Bb4+
{[%clk 1:30:13]} 3. Nc3 {[%clk 1:28:15]} Nf6 {[%clk 1:26:52]} 4. e3
{[%clk 1:27:56]} Nc6 {[%clk 1:26:06]} 5. Nge2 {[%clk 1:24:08]} O-O
{[%clk 1:22:07]} 6. a3 {[%clk 1:24:29]} Bxc3+ {[%clk 1:22:11]} 7. Nxc3
{[%clk 1:24:48]} d5 {[%clk 1:22:37]} 8. b4 {[%clk 1:18:38]} dxc4 {[%clk 1:17:04]}
9. Bxc4 {[%clk 1:06:44]} e5 {[%clk 1:17:21]} 10. d5 {[%clk 1:05:06]} Ne7
{[%clk 1:17:26]} 11. O-O {[%clk 1:04:12]} Ne8 {[%clk 1:16:40]} 12. e4
{[%clk 0:55:20]} Nd6 {[%clk 1:15:07]} 13. Be2 {[%clk 0:51:46]} Ng6
{[%clk 1:13:33]} 14. Be3 {[%clk 0:48:05]} Bd7 {[%clk 1:12:23]} 15. Rc1
{[%clk 0:47:24]} f5 {[%clk 1:00:51]} 16. exf5 {[%clk 0:45:57]} Nxf5
{[%clk 0:58:33]} 17. Ne4 {[%clk 0:41:14]} Nd6 {[%clk 0:52:33]} 18. Bg5
{[%clk 0:36:56]} Qe8 {[%clk 0:50:26]} 19. Nc5 {[%clk 0:37:22]} Bf5
{[%clk 0:47:11]} 20. Bg4 {[%clk 0:34:21]} Rf7 {[%clk 0:43:09]} 21. Bxf5
{[%clk 0:30:25]} Rxf5 {[%clk 0:14:51]} 22. Ne6 {[%clk 0:30:36]} Rc8
{[%clk 0:13:50]} 23. Rxc7 {[%clk 0:27:13]} Rxc7 {[%clk 0:14:16]} 24. Nxc7
{[%clk 0:27:38]} Qd7 {[%clk 0:14:25]} 25. Ne6 {[%clk 0:27:50]} e4
{[%clk 0:14:31]} 26. Qb3 {[%clk 0:17:10]} Nf7 {[%clk 0:13:31]} 27. Be3
{[%clk 0:16:26]} Rxd5 {[%clk 0:07:31]} 28. Nc5 {[%clk 0:03:02]} Qf5
{[%clk 0:07:57]} 29. Rd1 {[%clk 0:03:22]} Rxd1+ {[%clk 0:08:14]} 30. Qxd1
{[%clk 0:03:51]} b6 {[%clk 0:08:28]} 1/2-1/2

[Event "15th Dubai Open"]
[Site "Dubai"]
[Date "2013.04.09"]
[Round "3.14"]
[White "Grover, Sahaj"]
[Black "Pantsulaia, Levan"]
[Result "0-1"]
[LiveChessVersion "1.4.1"]
[BlackElo "2556"]
[WhiteElo "2467"]

1. d4 {[%clk 1:30:20]} Nf6 {[%clk 1:30:50]} 2. c4 {[%clk 1:30:44]} c5
{[%clk 1:31:14]} 3. d5 {[%clk 1:31:10]} e6 {[%clk 1:31:40]} 4. Nc3
{[%clk 1:31:36]} exd5 {[%clk 1:32:04]} 5. cxd5 {[%clk 1:32:01]} d6
{[%clk 1:32:30]} 6. e4 {[%clk 1:32:25]} g6 {[%clk 1:32:54]} 7. f3
{[%clk 1:32:49]} Bg7 {[%clk 1:33:03]} 8. Nge2 {[%clk 1:33:11]} O-O
{[%clk 1:30:25]} 9. Ng3 {[%clk 1:33:28]} h5 {[%clk 1:30:06]} 10. Bg5
{[%clk 1:33:42]} a6 {[%clk 1:30:30]} 11. a4 {[%clk 1:33:41]} Qe8 {[%clk 1:30:52]}
12. Qd2 {[%clk 1:28:00]} Nh7 {[%clk 1:30:13]} 13. Bh6 {[%clk 1:28:22]} h4
{[%clk 1:26:39]} 14. Nge2 {[%clk 1:21:39]} Nd7 {[%clk 1:26:13]} 15. Bxg7
{[%clk 1:21:56]} Kxg7 {[%clk 1:26:38]} 16. Nf4 {[%clk 1:22:21]} Ne5
{[%clk 1:23:28]} 17. Be2 {[%clk 1:21:47]} Qd8 {[%clk 1:19:20]} 18. Nd3
{[%clk 1:20:20]} Nxd3+ {[%clk 1:14:20]} 19. Bxd3 {[%clk 1:20:31]} Qf6
{[%clk 1:12:33]} 20. O-O {[%clk 1:19:37]} Bd7 {[%clk 1:11:00]} 21. Kh1
{[%clk 1:18:32]} Qe5 {[%clk 0:44:25]} 22. f4 {[%clk 1:13:52]} Qd4
{[%clk 0:44:17]} 23. Ne2 {[%clk 1:14:12]} Qb4 {[%clk 0:44:10]} 24. Qxb4
{[%clk 1:07:09]} cxb4 {[%clk 0:44:30]} 25. Nd4 {[%clk 1:07:33]} Nf6
{[%clk 0:41:14]} 26. Nf3 {[%clk 1:01:52]} Rfe8 {[%clk 0:36:46]} 27. Nd2
{[%clk 1:01:53]} b5 {[%clk 0:37:09]} 28. a5 {[%clk 0:58:58]} Rac8
{[%clk 0:34:15]} 29. Kg1 {[%clk 0:57:15]} Nh5 {[%clk 0:27:10]} 30. Rae1
{[%clk 0:56:48]} f5 {[%clk 0:26:16]} 31. Bb1 {[%clk 0:42:05]} Nf6
{[%clk 0:16:54]} 32. e5 {[%clk 0:42:29]} Nxd5 {[%clk 0:13:16]} 33. exd6
{[%clk 0:40:41]} Ne3 {[%clk 0:03:34]} 34. Rf2 {[%clk 0:31:04]} Ng4
{[%clk 0:03:52]} 35. Rff1 {[%clk 0:30:15]} Ne3 {[%clk 0:02:41]} 36. Rf2
{[%clk 0:30:43]} Nc4 {[%clk 0:02:56]} 37. Ref1 {[%clk 0:31:12]} Nxa5
{[%clk 0:02:16]} 38. Nf3 {[%clk 0:30:52]} Re6 {[%clk 0:02:29]} 39. Rd1
{[%clk 0:28:33]} Nc4 {[%clk 0:02:01]} 40. b3 {[%clk 0:17:34]} Rxd6
{[%clk 0:00:57]} 41. Re1 {[%clk 0:18:03]} Na3 {[%clk 0:01:13]} 42. Rfe2
{[%clk 0:18:28]} Re8 {[%clk 0:01:06]} 43. Rxe8 {[%clk 0:18:50]} Bxe8
{[%clk 0:01:36]} 44. Bxf5 {[%clk 0:19:18]} Bf7 {[%clk 0:01:48]} 45. Nxh4
{[%clk 0:19:01]} Bxb3 {[%clk 0:02:02]} 46. Bxg6 {[%clk 0:18:17]} Rxg6
{[%clk 0:02:19]} 47. Nxg6 {[%clk 0:14:49]} Kxg6 {[%clk 0:02:47]} 48. g4
{[%clk 0:15:19]} Bc4 {[%clk 0:02:15]} 49. h4 {[%clk 0:14:42]} b3 {[%clk 0:02:41]}
50. h5+ {[%clk 0:14:11]} Kh6 {[%clk 0:03:05]} 51. Kf2 {[%clk 0:14:36]} b2
{[%clk 0:03:29]} 52. Rh1 {[%clk 0:15:01]} b1=Q {[%clk 0:03:53]} 53. g5+
{[%clk 0:15:27]} Kg7 {[%clk 0:04:05]} 54. Rxb1 {[%clk 0:15:38]} Nxb1
{[%clk 0:04:33]} 55. f5 {[%clk 0:16:02]} Nc3 {[%clk 0:04:25]} 56. Ke3
{[%clk 0:15:52]} Nd5+ {[%clk 0:03:54]} 57. Kd4 {[%clk 0:16:15]} Ne7
{[%clk 0:03:33]} 58. h6+ {[%clk 0:15:23]} Kh7 0-1

[Event "15th Dubai Open"]
[Site "Dubai"]
[Date "2013.04.09"]
[Round "3.16"]
[White "Kotsur, Pavel"]
[Black "Gagare, Shardul"]
[Result "1/2-1/2"]
[LiveChessVersion "1.4.1"]
[BlackElo "2397"]
[WhiteElo "2552"]

1. c4 {[%clk 1:30:26]} c5 {[%clk 1:30:33]} 2. Nf3 {[%clk 1:30:49]} g6
{[%clk 1:30:59]} 3. d4 {[%clk 1:31:04]} cxd4 {[%clk 1:31:24]} 4. Nxd4
{[%clk 1:31:29]} Bg7 {[%clk 1:31:49]} 5. e4 {[%clk 1:31:46]} Nc6 {[%clk 1:32:15]}
6. Be3 {[%clk 1:32:07]} Nf6 {[%clk 1:32:41]} 7. Nc3 {[%clk 1:32:29]} O-O
{[%clk 1:32:52]} 8. Be2 {[%clk 1:32:41]} b6 {[%clk 1:32:57]} 9. Ndb5
{[%clk 1:29:58]} Bb7 {[%clk 1:31:56]} 10. Rc1 {[%clk 1:23:25]} d6
{[%clk 1:20:55]} 11. O-O {[%clk 1:14:14]} a6 {[%clk 0:59:35]} 12. Na3
{[%clk 1:13:04]} Nd7 {[%clk 0:59:59]} 13. Qd2 {[%clk 1:09:53]} Nc5
{[%clk 0:56:54]} 14. f3 {[%clk 1:08:58]} e5 {[%clk 0:30:12]} 15. Rcd1
{[%clk 0:52:34]} Nd4 {[%clk 0:28:39]} 16. Nc2 {[%clk 0:52:28]} Nce6
{[%clk 0:22:33]} 17. Bd3 {[%clk 0:48:51]} b5 {[%clk 0:15:51]} 18. cxb5
{[%clk 0:45:10]} axb5 {[%clk 0:16:15]} 19. Nxb5 {[%clk 0:42:26]} Rxa2
{[%clk 0:08:51]} 20. Nca3 {[%clk 0:36:15]} Ba6 {[%clk 0:08:53]} 21. Bxd4
{[%clk 0:29:28]} exd4 {[%clk 0:09:21]} 22. Bc4 {[%clk 0:29:40]} Bxb5
{[%clk 0:09:32]} 23. Nxb5 {[%clk 0:30:02]} Ra8 {[%clk 0:03:02]} 24. Bxe6
{[%clk 0:29:46]} fxe6 {[%clk 0:03:26]} 25. Nxd4 {[%clk 0:30:13]} d5
{[%clk 0:01:54]} 26. exd5 {[%clk 0:20:10]} Qxd5 {[%clk 0:00:38]} 27. Ne2
{[%clk 0:20:21]} Qxd2 {[%clk 0:00:35]} 28. Rxd2 {[%clk 0:20:50]} Ra2
{[%clk 0:00:45]} 29. Rb1 {[%clk 0:12:12]} Rb8 {[%clk 0:01:14]} 30. Rd6
{[%clk 0:12:35]} Bxb2 {[%clk 0:01:00]} 31. Kf1 {[%clk 0:12:47]} e5
{[%clk 0:01:04]} 32. Nc3 {[%clk 0:08:20]} Ra1 {[%clk 0:01:23]} 33. Rxa1
{[%clk 0:08:24]} Bxa1 {[%clk 0:01:52]} 34. Ne4 {[%clk 0:08:47]} Rb7
{[%clk 0:00:38]} 35. Kf2 {[%clk 0:07:18]} Kg7 {[%clk 0:00:40]} 36. Kg3
{[%clk 0:06:37]} Bd4 {[%clk 0:00:48]} 37. Kg4 {[%clk 0:06:41]} Re7
{[%clk 0:00:39]} 38. h4 {[%clk 0:06:51]} h5+ {[%clk 0:00:37]} 39. Kh3
{[%clk 0:07:11]} Be3 {[%clk 0:00:45]} 40. Rc6 {[%clk 0:06:56]} Bd4
{[%clk 0:00:53]} 41. g4 {[%clk 0:06:02]} hxg4+ {[%clk 0:00:36]} 42. fxg4
{[%clk 0:06:25]} Rf7 {[%clk 0:00:38]} 43. Ng5 {[%clk 0:05:24]} Rf1
{[%clk 0:00:41]} 44. Rc7+ {[%clk 0:04:44]} Kg8 {[%clk 0:01:09]} 45. Kg2
{[%clk 0:01:47]} Rg1+ {[%clk 0:01:11]} 46. Kf3 {[%clk 0:02:16]} Rh1
{[%clk 0:01:14]} 47. Ne6 {[%clk 0:01:29]} e4+ {[%clk 0:00:47]} 48. Kxe4
{[%clk 0:01:49]} Bf6 {[%clk 0:00:54]} 49. h5 {[%clk 0:01:33]} Re1+
{[%clk 0:01:14]} 50. Kd5 {[%clk 0:01:23]} Rd1+ {[%clk 0:01:37]} 51. Ke4
{[%clk 0:01:08]} Re1+ {[%clk 0:02:06]} 1/2-1/2

[Event "15th Dubai Open"]
[Site "Dubai"]
[Date "2013.04.09"]
[Round "3.17"]
[White "Nezad, Husein Aziz"]
[Black "Jumabayev, Rinat"]
[Result "0-1"]
[LiveChessVersion "1.4.1"]
[BlackElo "2549"]
[WhiteElo "2400"]

1. d4 {[%clk 1:29:36]} Nf6 {[%clk 1:30:33]} 2. c4 {[%clk 1:29:59]} e6
{[%clk 1:30:51]} 3. Nc3 {[%clk 1:30:22]} Bb4 {[%clk 1:31:16]} 4. e3
{[%clk 1:30:42]} b6 {[%clk 1:24:50]} 5. Nge2 {[%clk 1:29:02]} Ba6
{[%clk 1:24:44]} 6. a3 {[%clk 1:29:16]} Bxc3+ {[%clk 1:24:59]} 7. Nxc3
{[%clk 1:29:31]} d5 {[%clk 1:25:26]} 8. b3 {[%clk 1:20:04]} O-O {[%clk 1:24:04]}
9. Bb2 {[%clk 1:20:25]} c5 {[%clk 1:21:56]} 10. dxc5 {[%clk 1:12:21]} bxc5
{[%clk 1:21:01]} 11. Qc2 {[%clk 1:11:26]} Nc6 {[%clk 0:48:12]} 12. Be2
{[%clk 0:45:16]} d4 {[%clk 0:44:58]} 13. Na4 {[%clk 0:44:20]} Qe7
{[%clk 0:41:42]} 14. Bf3 {[%clk 0:35:07]} Bb7 {[%clk 0:40:12]} 15. O-O
{[%clk 0:33:45]} e5 {[%clk 0:39:51]} 16. exd4 {[%clk 0:29:59]} e4
{[%clk 0:10:33]} 17. Nxc5 {[%clk 0:29:14]} exf3 {[%clk 0:09:50]} 18. Nxb7
{[%clk 0:29:27]} Qxb7 {[%clk 0:09:20]} 19. d5 {[%clk 0:28:41]} Ne7
{[%clk 0:09:49]} 20. Rfe1 {[%clk 0:23:29]} Ng6 {[%clk 0:07:45]} 21. Re3
{[%clk 0:21:42]} fxg2 {[%clk 0:07:10]} 22. Bxf6 {[%clk 0:21:10]} gxf6
{[%clk 0:07:38]} 23. Qf5 {[%clk 0:20:48]} Rae8 {[%clk 0:04:42]} 24. Rae1
{[%clk 0:16:53]} Rxe3 {[%clk 0:05:09]} 25. Rxe3 {[%clk 0:17:17]} Qb6
{[%clk 0:05:36]} 26. Qg4 {[%clk 0:09:36]} f5 {[%clk 0:05:02]} 27. Qxf5
{[%clk 0:08:32]} Qd4 {[%clk 0:05:30]} 28. Qe4 {[%clk 0:03:43]} Qd1+
{[%clk 0:04:47]} 29. Re1 {[%clk 0:02:20]} Qxb3 {[%clk 0:05:13]} 30. c5
{[%clk 0:02:44]} Rd8 {[%clk 0:02:42]} 31. d6 {[%clk 0:02:15]} Qc3
{[%clk 0:02:50]} 32. Qb4 {[%clk 0:01:59]} Qf3 {[%clk 0:02:25]} 33. Re3
{[%clk 0:02:15]} Qd5 {[%clk 0:02:38]} 34. Re1 {[%clk 0:00:48]} h5
{[%clk 0:01:14]} 35. Re3 {[%clk 0:01:05]} Rc8 {[%clk 0:01:29]} 36. Qe4
{[%clk 0:01:09]} Rxc5 {[%clk 0:01:35]} 0-1

[Event "15th Dubai Open"]
[Site "Dubai"]
[Date "2013.04.09"]
[Round "3.18"]
[White "Salem, A.R. Saleh"]
[Black "Saduakassova, Dinara"]
[Result "1-0"]
[LiveChessVersion "1.4.1"]
[BlackElo "2336"]
[WhiteElo "2530"]

1. d4 {[%clk 1:21:40]} Nf6 {[%clk 1:30:47]} 2. c4 {[%clk 1:22:03]} e6
{[%clk 1:31:14]} 3. Nf3 {[%clk 1:22:28]} b6 {[%clk 1:31:40]} 4. g3
{[%clk 1:22:36]} Bb4+ {[%clk 1:32:03]} 5. Nbd2 {[%clk 1:22:57]} Bb7
{[%clk 1:27:58]} 6. Bg2 {[%clk 1:23:19]} O-O {[%clk 1:26:06]} 7. O-O
{[%clk 1:23:43]} d6 {[%clk 1:22:55]} 8. Nb3 {[%clk 1:17:35]} d5 {[%clk 1:19:33]}
9. c5 {[%clk 1:16:48]} bxc5 {[%clk 1:19:56]} 10. dxc5 {[%clk 1:16:24]} Qe7
{[%clk 1:20:03]} 11. Be3 {[%clk 1:11:45]} Ng4 {[%clk 1:12:02]} 12. Qd4
{[%clk 1:07:07]} Nxe3 {[%clk 1:12:25]} 13. Qxb4 {[%clk 1:07:25]} Nxf1
{[%clk 1:12:24]} 14. Qxb7 {[%clk 1:07:45]} Nd7 {[%clk 1:10:24]} 15. Bxf1
{[%clk 1:06:40]} a5 {[%clk 1:05:21]} 16. Qxc7 {[%clk 1:06:00]} Rfc8
{[%clk 1:05:44]} 17. Qd6 {[%clk 1:06:00]} Qxd6 {[%clk 1:05:32]} 18. cxd6
{[%clk 1:06:28]} Rc6 {[%clk 1:03:56]} 19. a4 {[%clk 1:06:19]} Rxd6
{[%clk 1:01:13]} 20. e3 {[%clk 1:03:43]} f6 {[%clk 0:57:38]} 21. Rc1
{[%clk 1:03:56]} Kf7 {[%clk 0:52:42]} 22. Bb5 {[%clk 1:04:02]} Ne5
{[%clk 0:48:59]} 23. Rc7+ {[%clk 1:04:18]} Kg8 {[%clk 0:46:48]} 24. Nfd4
{[%clk 1:04:35]} Nf7 {[%clk 0:46:25]} 25. Nc5 {[%clk 1:04:06]} Nd8
{[%clk 0:45:52]} 26. Re7 {[%clk 1:04:18]} 1-0

[Event "15th Dubai Open"]
[Site "Dubai"]
[Date "2013.04.09"]
[Round "3.19"]
[White "Ju, Wenjun"]
[Black "Kowsarinia, Amir"]
[Result "1-0"]
[LiveChessVersion "1.4.1"]
[BlackElo "2301"]
[WhiteElo "2521"]

1. d4 {[%clk 1:30:53]} Nf6 {[%clk 1:30:51]} 2. c4 {[%clk 1:30:50]} g6
{[%clk 1:31:13]} 3. g3 {[%clk 1:29:37]} Bg7 {[%clk 1:31:26]} 4. Bg2
{[%clk 1:29:52]} d5 {[%clk 1:31:48]} 5. cxd5 {[%clk 1:24:58]} Nxd5
{[%clk 1:32:10]} 6. e4 {[%clk 1:25:06]} Nb6 {[%clk 1:32:33]} 7. Ne2
{[%clk 1:25:29]} c5 {[%clk 1:32:53]} 8. d5 {[%clk 1:25:50]} e6 {[%clk 1:33:07]}
9. O-O {[%clk 1:25:53]} O-O {[%clk 1:33:28]} 10. Nec3 {[%clk 1:25:47]} exd5
{[%clk 1:31:20]} 11. exd5 {[%clk 1:26:12]} Na6 {[%clk 1:31:27]} 12. a4
{[%clk 1:25:40]} Nc4 {[%clk 1:29:08]} 13. Nd2 {[%clk 1:25:59]} Nd6
{[%clk 1:28:09]} 14. Nde4 {[%clk 1:24:56]} Nxe4 {[%clk 1:12:30]} 15. Nxe4
{[%clk 1:24:54]} Bf5 {[%clk 1:12:46]} 16. d6 {[%clk 1:13:43]} Qd7
{[%clk 1:02:02]} 17. Bg5 {[%clk 0:47:29]} f6 {[%clk 0:45:34]} 18. Be3
{[%clk 0:47:36]} Rac8 {[%clk 0:38:05]} 19. Qb3+ {[%clk 0:44:19]} Rf7
{[%clk 0:37:49]} 20. Qb5 {[%clk 0:39:38]} Bxe4 {[%clk 0:36:47]} 21. Bxe4
{[%clk 0:39:55]} Nb4 {[%clk 0:37:02]} 22. Rfd1 {[%clk 0:34:46]} b6
{[%clk 0:25:32]} 23. Bd2 {[%clk 0:32:32]} f5 {[%clk 0:20:33]} 24. Bg2
{[%clk 0:32:19]} Kh8 {[%clk 0:19:28]} 25. Bxb4 {[%clk 0:31:30]} cxb4
{[%clk 0:18:21]} 26. Qxb4 {[%clk 0:25:12]} f4 {[%clk 0:13:54]} 27. Rac1
{[%clk 0:20:20]} Rxc1 {[%clk 0:13:35]} 28. Rxc1 {[%clk 0:20:47]} fxg3
{[%clk 0:13:28]} 29. hxg3 {[%clk 0:20:05]} Qf5 {[%clk 0:07:23]} 30. Qd2
{[%clk 0:18:12]} Be5 {[%clk 0:07:34]} 31. Re1 {[%clk 0:17:54]} Rd7
{[%clk 0:05:01]} 32. Bh3 {[%clk 0:17:04]} Qxh3 {[%clk 0:03:51]} 33. Rxe5
{[%clk 0:17:29]} Qg4 {[%clk 0:02:44]} 34. Re7 {[%clk 0:16:17]} 1-0

[Event "15th Dubai Open"]
[Site "Dubai"]
[Date "2013.04.09"]
[Round "3.20"]
[White "Kanter, Eduard"]
[Black "Laznicka, Viktor"]
[Result "0-1"]
[LiveChessVersion "1.4.1"]
[BlackElo "2674"]
[WhiteElo "2408"]

1. d4 {[%clk 1:30:57]} d5 {[%clk 1:30:56]} 2. c4 {[%clk 1:31:21]} c6
{[%clk 1:31:23]} 3. Nf3 {[%clk 1:31:37]} Nf6 {[%clk 1:31:37]} 4. Nc3
{[%clk 1:32:00]} e6 {[%clk 1:31:57]} 5. g3 {[%clk 1:32:08]} dxc4 {[%clk 1:31:48]}
6. Bg2 {[%clk 1:32:25]} b5 {[%clk 1:31:03]} 7. Ne5 {[%clk 1:32:15]} a6
{[%clk 1:31:25]} 8. O-O {[%clk 1:32:11]} Bb7 {[%clk 1:31:50]} 9. b3
{[%clk 1:32:04]} cxb3 {[%clk 1:27:07]} 10. axb3 {[%clk 1:32:26]} Qb6
{[%clk 1:20:06]} 11. Be3 {[%clk 1:22:16]} Nd5 {[%clk 1:18:47]} 12. Ne4
{[%clk 1:22:20]} Be7 {[%clk 1:03:47]} 13. Qc2 {[%clk 0:43:42]} O-O
{[%clk 1:00:13]} 14. Rfc1 {[%clk 0:44:02]} Rd8 {[%clk 0:50:19]} 15. Nc5
{[%clk 0:37:28]} Bxc5 {[%clk 0:46:01]} 16. Qxc5 {[%clk 0:34:03]} Qxc5
{[%clk 0:46:22]} 17. Rxc5 {[%clk 0:34:22]} f6 {[%clk 0:34:52]} 18. Nd3
{[%clk 0:34:23]} Nxe3 {[%clk 0:34:51]} 19. fxe3 {[%clk 0:34:46]} Rd6
{[%clk 0:34:40]} 20. Rc2 {[%clk 0:32:06]} Kf7 {[%clk 0:33:37]} 21. Rac1
{[%clk 0:21:45]} Ke7 {[%clk 0:32:31]} 22. Nc5 {[%clk 0:16:29]} Bc8
{[%clk 0:32:24]} 23. Bh3 {[%clk 0:16:43]} Ra7 {[%clk 0:30:02]} 24. Ra1
{[%clk 0:12:15]} Rd8 {[%clk 0:28:45]} 25. b4 {[%clk 0:10:58]} e5 {[%clk 0:24:48]}
26. Bxc8 {[%clk 0:11:18]} Rxc8 {[%clk 0:25:14]} 27. Nb3 {[%clk 0:10:59]} Nd7
{[%clk 0:21:11]} 28. Rac1 {[%clk 0:09:47]} Rac7 {[%clk 0:16:31]} 29. Kf2
{[%clk 0:07:15]} Nb6 {[%clk 0:15:48]} 30. Na5 {[%clk 0:06:11]} Kd6
{[%clk 0:14:50]} 31. Rb1 {[%clk 0:05:07]} h5 {[%clk 0:11:43]} 32. Kf3
{[%clk 0:04:05]} f5 {[%clk 0:11:05]} 33. Rc5 {[%clk 0:03:18]} Nd7
{[%clk 0:08:12]} 34. Rc2 {[%clk 0:03:33]} g5 {[%clk 0:08:15]} 35. h4
{[%clk 0:02:46]} g4+ {[%clk 0:07:51]} 36. Kf2 {[%clk 0:03:08]} Nf6
{[%clk 0:08:17]} 37. Rbc1 {[%clk 0:02:48]} Nd5 {[%clk 0:07:28]} 38. Rc5
{[%clk 0:02:07]} Nxb4 {[%clk 0:04:38]} 39. Rxe5 {[%clk 0:02:27]} Rf8
{[%clk 0:04:59]} 40. e4 {[%clk 0:01:42]} fxe4+ {[%clk 0:05:15]} 41. Ke3
{[%clk 0:01:55]} Rh7 {[%clk 0:01:57]} 42. Kxe4 {[%clk 0:01:52]} Rf2
{[%clk 0:02:02]} 43. e3 {[%clk 0:01:41]} Rf3 {[%clk 0:02:12]} 44. Rcc5
{[%clk 0:01:09]} Rxg3 {[%clk 0:01:26]} 45. Rxh5 {[%clk 0:01:33]} Rxh5
{[%clk 0:01:14]} 46. Rxh5 {[%clk 0:01:58]} Kc7 {[%clk 0:01:34]} 47. Re5
{[%clk 0:00:49]} Kb6 {[%clk 0:01:17]} 48. Nb3 {[%clk 0:01:10]} Nd5
{[%clk 0:01:24]} 49. Kd3 {[%clk 0:00:51]} a5 {[%clk 0:01:30]} 50. Nc5
{[%clk 0:00:48]} a4 {[%clk 0:01:55]} 51. Re8 {[%clk 0:00:51]} Rh3
{[%clk 0:01:56]} 52. Kd2 {[%clk 0:00:45]} a3 {[%clk 0:02:00]} 53. e4
{[%clk 0:01:04]} a2 {[%clk 0:01:45]} 54. Ra8 {[%clk 0:01:13]} Nc7
{[%clk 0:01:20]} 55. Nd7+ {[%clk 0:01:14]} Kb7 {[%clk 0:01:46]} 56. Ra5
{[%clk 0:01:33]} Rh1 {[%clk 0:01:43]} 57. Nc5+ {[%clk 0:01:50]} Kb6
{[%clk 0:02:09]} 58. Nb3 {[%clk 0:02:16]} Rb1 {[%clk 0:02:16]} 0-1

[Event "15th Dubai Open"]
[Site "Dubai"]
[Date "2013.04.09"]
[Round "3.21"]
[White "Yap, Kim Steven"]
[Black "Petrosian, Tigran L."]
[Result "0-1"]
[LiveChessVersion "1.4.1"]
[BlackElo "2663"]
[WhiteElo "2418"]

1. e4 {[%clk 1:30:55]} g6 {[%clk 1:30:38]} 2. d4 {[%clk 1:30:06]} Bg7
{[%clk 1:31:02]} 3. Nc3 {[%clk 1:30:08]} d6 {[%clk 1:31:15]} 4. Nf3
{[%clk 1:30:09]} c6 {[%clk 1:30:33]} 5. Be3 {[%clk 1:28:35]} Nf6 {[%clk 1:30:29]}
6. h3 {[%clk 1:28:21]} O-O {[%clk 1:29:04]} 7. Be2 {[%clk 1:26:43]} b5
{[%clk 1:28:54]} 8. a3 {[%clk 1:26:41]} Nbd7 {[%clk 1:27:26]} 9. O-O
{[%clk 1:19:07]} Qc7 {[%clk 1:22:37]} 10. Nd2 {[%clk 1:12:33]} a6
{[%clk 1:12:44]} 11. f4 {[%clk 1:09:45]} Nb6 {[%clk 1:04:27]} 12. Qe1
{[%clk 1:07:50]} c5 {[%clk 0:58:04]} 13. Qf2 {[%clk 1:05:54]} Nfd7
{[%clk 0:44:40]} 14. Nb3 {[%clk 0:59:05]} Na4 {[%clk 0:29:40]} 15. Nd5
{[%clk 0:52:29]} Qd8 {[%clk 0:29:59]} 16. dxc5 {[%clk 0:52:51]} Bb7
{[%clk 0:16:28]} 17. c4 {[%clk 0:29:14]} bxc4 {[%clk 0:08:21]} 18. Bxc4
{[%clk 0:29:26]} Naxc5 {[%clk 0:01:36]} 19. Nxc5 {[%clk 0:25:48]} Nxc5
{[%clk 0:02:02]} 20. Bxc5 {[%clk 0:19:22]} dxc5 {[%clk 0:02:18]} 21. Qxc5
{[%clk 0:19:46]} e6 {[%clk 0:00:32]} 22. Ne7+ {[%clk 0:19:28]} Kh8
{[%clk 0:01:01]} 23. Rad1 {[%clk 0:18:07]} Qe8 {[%clk 0:00:40]} 24. e5
{[%clk 0:18:03]} Rd8 {[%clk 0:00:52]} 25. Qc7 {[%clk 0:16:14]} Ba8
{[%clk 0:01:03]} 26. b3 {[%clk 0:16:04]} Bh6 {[%clk 0:00:41]} 27. g3
{[%clk 0:14:29]} Rb8 {[%clk 0:00:54]} 28. Qd7 {[%clk 0:04:14]} Qd8
{[%clk 0:01:22]} 29. Rd6 {[%clk 0:03:39]} Qa5 {[%clk 0:00:53]} 30. Rfd1
{[%clk 0:02:21]} Rb7 {[%clk 0:00:35]} 31. Qd8 {[%clk 0:00:54]} Qc3
{[%clk 0:00:31]} 32. R6d3 {[%clk 0:00:32]} Rxd8 {[%clk 0:00:41]} 33. Rxd8+
{[%clk 0:00:51]} Bf8 {[%clk 0:01:10]} 34. Rxf8+ {[%clk 0:00:51]} Kg7
{[%clk 0:01:39]} 35. Rg8+ {[%clk 0:00:32]} Kh6 {[%clk 0:02:08]} 36. Rxa8
{[%clk 0:00:32]} Qxg3+ {[%clk 0:02:31]} 37. Kf1 {[%clk 0:00:32]} Qxf4+
{[%clk 0:02:55]} 38. Kg2 {[%clk 0:00:43]} Qe4+ {[%clk 0:03:20]} 39. Kf2
{[%clk 0:01:03]} Rxe7 {[%clk 0:03:41]} 40. Rad8 {[%clk 0:01:21]} Qxe5
{[%clk 0:04:03]} 0-1